[Event "Turkish Championship 2019"]
[Site "Antalya-Kemer"]
[Date "2019.12.03"]
[Round "11.5"]
[White "Yilmazyerli, Mert"]
[Black "Gokerkan, Cem Kaan"]
[Result "1/2-1/2"]
[WhiteElo "2396"]
[BlackElo "2452"]
[Annotator "TA"]
[PlyCount "61"]
[EventDate "2019.11.23"]
[EventType "tourn"]
[EventCountry "TUR"]
[SourceTitle "playchess.com"]
[Source "ChessBase"]
[SourceQuality "1"]

{[%evp 9,61,33,20,0,0,0,0,0,0,0,28,26,21,18,40,25,41,27,35,16,64,64,64,64,64,65,62,69,69,69,67,52,52,50,46,35,39,35,64,32,32,27,68,27,67,68,80,72,80,0,80,0,71,0]} 1. Nf3 c5 2. c4 Nc6 3. Nc3 e5 4. e3 Nf6 5. d4 e4 6. d5 {A34: Symmetrical English: 2 Nc3, lines with ...d5} (6. Ne5 {seems wilder.} g6 7. Rb1 h5 8. Be2 Qe7 9. Nb5) 6... exf3 7. dxc6 dxc6 (7... fxg2 8. cxd7+ Bxd7 9. Bxg2 g6 10. b3 Bg7 11. Qd6 Qb6 12. Qe5+ Kf8 13. Bb2 {½-½ (36) Dominguez Perez,L (2739)-Vachier Lagrave,M (2779) Saint Louis 2018}) 8. Qxd8+ {The position is equal.} Kxd8 9. gxf3 Bd6 10. b3 Bf5 $146 ({Predecessor:} 10... Kc7 11. Bb2 Re8 12. Bd3 Be6 13. O-O-O {1-0 (73) Mozharov,M (2557)-Narayanan,S (2477) New Delhi 2015}) 11. Bb2 Kc7 12. O-O-O Bg6 13. Be2 Rhe8 14. f4 Bh5 15. Bxh5 Nxh5 16. Ne2 g6 17. Ng3 Nxg3 18. hxg3 h5 19. Rd2 Rad8 20. Rhd1 Be7 21. Rxd8 Rxd8 22. Rxd8 (22. Rh1 {feels hotter.} f5 23. Rd1 Rd7 24. Be5+ Kc8 25. Kc2) 22... Bxd8 $14 {[%mdl 4096] Endgame KB-KB} 23. Kd2 f5 24. f3 Kd7 25. Ke2 Ke6 26. Bc3 Be7 27. Kf2 Bd8 28. Kg2 Be7 29. Kf2 Bd8 $1 30. Kg2 Be7 $1 31. Kf2 {Accuracy: White = 44%, Black = 58%.} (31. Be5 $16) 1/2-1/2